Statistics for Australian Bird Names Containing 'Yellow'

Click here to take the quiz!

General Stats

  • This quiz has been taken 5 times
  • The average score is 7 of 27

Answer Stats

Answer% Correct
Eastern Yellow Robin
100%
Yellow-tufted Honeyeater
100%
Pale-yellow Robin
50%
Western Yellow Robin
50%
Yellow-billed Kingfisher
50%
Yellow-billed Spoonbill
50%
Yellow-faced Honeyeater
50%
Yellow Honeyeater
50%
Yellow-rumped Thornbill
50%
Yellow-tailed Black-Cockatoo
50%
Yellow Thornbill
50%
Indian Yellow-nosed Albatross
0%
Yellow-bellied Sunbird
0%
Yellow-breasted Boatbill
0%
Yellow Chat
0%
Yellow-legged Flycatcher
0%
Yellow Oriole
0%
Yellow-plumed Honeyeater
0%
Yellow-rumped Mannikin
0%
Yellow-spotted Honeyeater
0%
Yellow-throated Honeyeater
0%
Yellow-throated Miner
0%
Yellow-throated Scrubwren
0%
Yellow-tinted Honeyeater
0%
Yellow Wagtail
0%
Yellow Wattlebird
0%
Yellow White-eye
0%

Score Distribution

Percentile by Number Answered

Percent of People with Each Score

Your Score History

You have not taken this quiz